000 00232nam a2200097Ia 4500
001 1229307
005 20250827093058.0
008 250824s9999 xx 000 0 und d
245 0 _aKARA LİSTE
_cBRAD THOR
260 _bALTIN KİTAPLAR
999 _c1229307
_d1229307